How to make love satisfying and Do you love yourself? (Record no. 14590)

000 -LEADER
fixed length control field 00583nam a2200193 a 4500
001 - CONTROL NUMBER
control field :::00012422$&:&@@
003 - CONTROL NUMBER IDENTIFIER
control field OkBaRHE
005 - DATE AND TIME OF LATEST TRANSACTION
control field 20000607103419.0
008 - FIXED-LENGTH DATA ELEMENTS--GENERAL INFORMATION
fixed length control field s1972 j 000 0 eng u
040 ## - CATALOGING SOURCE
Transcribing agency
100 1# - MAIN ENTRY--PERSONAL NAME
Personal name Petersen, J. Allan.
245 10 - TITLE STATEMENT
Title How to make love satisfying and Do you love yourself?
260 ## - PUBLICATION, DISTRIBUTION, ETC. (IMPRINT)
Place of publication, distribution, etc Jenkintown, PA., :
Name of publisher, distributor, etc Family Concern, Inc.
Date of publication, distribution, etc c1972
300 ## - PHYSICAL DESCRIPTION
Extent 32 p. ;
Dimensions 17 cm.
650 ## - SUBJECT ADDED ENTRY--TOPICAL TERM
Topical term or geographic name as entry element Love
650 ## - SUBJECT ADDED ENTRY--TOPICAL TERM
Topical term or geographic name as entry element Marriage
942 ## - ADDED ENTRY ELEMENTS (KOHA)
Source of classification or shelving scheme
Koha item type Books
Copies
Damaged status Date last seen Permanent Location Source of classification or shelving scheme Not for loan Date acquired Full call number Price effective from Lost status Withdrawn status Barcode Copy number Koha item type Shelving location
 2010-04-14RHEMA Bible Training College  2010-04-14HQ 728 .P4H62010-04-14  124221BooksGeneral Stacks